00191nam a2200073Ia 4500008004100000100002100041245003300062260002200095120527s9999 xx 000 0 und d aCohn-Sherbok, D. aNot a job a nice Jewish boy. bBellow Publishing